Que savez-vous du fort Boyard ? - Statistiques

Statistiques générales
  • Ce quiz a été pris 60 fois
    46 depuis la dernière actualisation
  • Le résultat moyen est 9 sur 20
Statistiques - réponses
Question Réponse % Correct
Le fort est mis en vente par l'Etat en 1962
80%
La première émission du jeu Fort Boyard y a été tournée en 1990
80%
En 1966, on y tourne des scènes du film Les aventuriers
80%
Pour aller du bateau au fort on utilise... une nacelle
73%
Jacques Antoine rachète le fort et le revend pour un franc au conseil de Charente-Maritime en 1988
53%
La surface totale au sol est de 2065 m2
53%
Il est déclassé par l'armée en... 1913
47%
Le fort est inscrit à l'inventaire supplémentaire des Monuments historiques en 1950
47%
La construction de Fort Boyard a été envisagée dès... 1666
40%
Le fort sert de prison de 1871 à 1872
40%
Pendant sa longue période d'abandon, il est surnommé Le fort de l'inutile
40%
Le fort est construit sur un banc de sable
40%
La hauteur des murs du fort est de 25.60 m
33%
La construction du fort a duré 63 ans
33%
Le fort compte de nombreuses cellules, exactement... 66
33%
Pour se rendre sur le fort, il faut prendre un bateau pour franchir... 9 km
33%
A l'origine la garnison prévue était de 250 hommes
27%
Les cinq citernes du fort dans lesquelles se déroulent certaines épreuves mesurent chacune 325 m2
27%
Le toit de la vigie culmine à 35 m
27%
A la fin de la saison 2023, pour la version française, ont été tournées de nombreuses émissions du jeu... Combien ? Plus de 350
20%
Aucun quiz correspondant
Distribution des résultats
% des personnes avec chaque résultat
Percentile par nombre de réponses
Votre historique - résultats
Vous n’avez pas pris ce quiz depuis la dernière actualisation